000 00610nam a22001937a 4500
999 _c194204
_d194204
005 20221209144646.0
010 _aUR-11784
020 _a9789391238476
_c400.00
035 _aU-10339
037 _bDBAD/PUB
_a-
082 _a840.8
100 _aاحسان عالم
245 _aمطالعہ کتب /
_cاحسان عالم
_hا ر د و
246 _aMotala-E-Kutub /
_bby Ahsan Alam
260 _aNew Delhi
_bEducational Publishing House
_c2021 ء
270 _aH.o. D1/16, Ansari Road, Darya Ganj
_bNew Delhi
_e110002
300 _a432 ص
_c23cm(Hb)
942 _2ddc
_cUR
_h840.8
_mا ح س